| 000 | 00584nam a22001817a 4500 | ||
|---|---|---|---|
| 005 | 20250220163136.0 | ||
| 010 | _aENG-143214 | ||
| 020 |
_c120.00 _a97881899941253 |
||
| 035 | _aEN-126746 | ||
| 037 | _bDBAD | ||
| 082 | _a581.4 | ||
| 100 |
_aRagland, Annie _978323 |
||
| 245 |
_aPlant Anatomy & Microtechniques/ _cby Annie Ragland |
||
| 260 |
_bSaras Publication _c2013 _aKanyaKumari |
||
| 270 |
_bKanyaKumari _e629002 _a114/35G, A. R. P. Camp Road, Periavilai, Kottar P. O., Nagercoil |
||
| 300 |
_a324p. : _c22cm(pb) _bill |
||
| 942 |
_2ddc _cEN _mRAG _h581.4 |
||
| 999 |
_c209601 _d209601 |
||